00333nam a2200121Ia 4500008004100000041000800041082001600049100001800065245004500083260004300128300003300171365000700204240624s9999 xx 000 0 und d aeng a658.402 SEN aSENGE PETER M aFIFTH DISCIPLINE THE ART AND PRACTICE OF c1990aNew YorkbCurrency and Doubleday axxiii, : 445 : p. : cm. ; 23 cRS